Cẩm nang khám phá siêu nhiên
Cẩm nang khám phá siêu nhiên cho bạn đọc thông tin về những hiện tượng dị thường. Tiếp nối cuốn sách Cẩm nang khám phá cơ thể người, George Ivanoff dẫn bạn tới một thế giới rộng lớn hơn của sét hòn, du hồn, người tuyết, ma thuật Wicc...
Saved in:
| Main Author: | |
|---|---|
| Other Authors: | |
| Format: | Book |
| Language: | Vietnamese |
| Published: |
H.
Thế giới
2023
|
| Subjects: | |
| Tags: |
Add Tag
No Tags, Be the first to tag this record!
|
| Institutions: | Thư viện Trường Đại học Nam Cần Thơ |
|---|
| LEADER | 01171nam a22002057a 4500 | ||
|---|---|---|---|
| 001 | NCT_4_010181 | ||
| 008 | 240618b xxu||||| |||| 00| 0 vie d | ||
| 999 | |c 8453 |d 8453 | ||
| 020 | |a 9786047767441 |c 89000 | ||
| 082 | 0 | 4 | |2 23rd ed. |a 001.9 |b I217 |
| 100 | 1 | |a Ivanoff, George | |
| 245 | 1 | 0 | |a Cẩm nang khám phá siêu nhiên |c George Ivanoff; Sóc Cốm (dịch) |
| 260 | |a H. |b Thế giới |c 2023 | ||
| 300 | |a 172 tr. |b minh họa |c 21cm | ||
| 520 | 3 | |a Cẩm nang khám phá siêu nhiên cho bạn đọc thông tin về những hiện tượng dị thường. Tiếp nối cuốn sách Cẩm nang khám phá cơ thể người, George Ivanoff dẫn bạn tới một thế giới rộng lớn hơn của sét hòn, du hồn, người tuyết, ma thuật Wicca và cả các hội kín nữa chứ. | |
| 653 | |a Tham khảo | ||
| 700 | 0 | |a Sóc Cốm |e Dịch | |
| 942 | |2 ddc |c BK | ||
| 952 | |0 0 |1 0 |2 ddc |4 0 |6 001_900000000000000_I217 |7 0 |9 29137 |a 000001 |b 000001 |d 2024-06-18 |o 001.9 I217 |p TK.04372 |r 2024-06-18 |v 89000.00 |w 2024-06-18 |y BK | ||
| 980 | |a Thư viện Trường Đại học Nam Cần Thơ | ||


